000
00315nam a2200133Ia 4500
008
100328s9999 xx 000 0 und d
082
_b
2149
100
_a
Nehru Jawaharlal
245
_a
Youths Unite-I
260
_b
Hamara Hindostan Pub
630
_a
Youths Unite-I
730
_a
Youths Unite-I
942
_c
BOOK
999
_c
498376
_d
498373